000 00786aam a2200277 i 4500
001 768714001
003 CO-MdFUSB
005 20250519144552.0
007 ta
008 250519txxu -us |||| |||| 00| 0 spa d
040 _cCO-MdFUSB
041 0 _aspa
082 0 4 _223
_a248.3
_bY681t
100 1 _aYoung, Samuel
_eautor
245 1 0 _aLa tentación :
_b¿derrota o victoria?
_c/ Samuel Young
264 0 _bCasa Nazarena de Publicaciones,
_aKansas City, Missouri, USA :
_c[fecha de producción no identificada]
300 _a80 páginas
336 _atexto
_btxt
_2rdacontent
337 _2rdamedia
_asin mediación
_bn
338 _2rdacarrier
_avolumen
_bnc
563 _aRústico
650 0 _aVida cristiana
_919
653 _aTentación
942 _cBK
945 _aJTF-925
999 _c35698
_d35698